Equipos con animales en su escudo - Estadísticas

Estadísticas generales
  • Esta prueba ha sido intentada 41 veces
  • La puntuación promedio es 4 de 15
Estadísticas de respuestas
Num. Equipo % Correcto
10 Liverpool
91%
15 Chelsea
50%
13 Valencia
41%
1 Tottenham
35%
4 Roma
32%
14 Levante
29%
2 Atletico de Madrid
24%
11 Brighton
24%
3 Hull city
18%
5 Brentford
15%
8 Leicester City
12%
7 Cristal Palace
6%
9 Inter Miami
3%
12 Sunderland
0%
6 Swansea City
0%
No se encontraron pruebas coincidentes
Distribución de puntuación
Porcentaje de gente con cada puntuación
Porcentaje por número respondido
Historial de tus puntuaciones
No has intentado esta prueba.